=LDR 00000nam 2200000 4500 =001 INLIS000000000045235 =005 20150109095103.0 =006 =007 =008 =035 ##$$0010-011500000000061 =082 ##$$a 813.083 =090 ##$$a 813.083 $b bly k =100 ##$$a enid blyton $t kelas empat di malory towers =245 ##$$a kelas empat di malory towers =260 ##$$a Jakarta $b PT Gramedia Utama $c 2010 =300 ##$$a 228 hlm $c 18 cm =850 ##$$a NBPMAT =990 ##$$a 0001/BPAP-NTB/20142015 =990 ##$$a 0001/BPAP-NTB/20142015